Διερεύνηση του διαιτολογίου του είδους Apodemus mystacinus (Βραχοποντικός) : πτυχιακή εργασία

Αποθηκεύτηκε σε:
Λεπτομέρειες βιβλιογραφικής εγγραφής
Κύριος συγγραφέας: Φούη, Ελένη
Συγγραφή απο Οργανισμό/Αρχή: Πανεπιστήμιο Αιγαίου. Σχολή Περιβάλλοντος. Τμήμα Περιβάλλοντος
Άλλοι συγγραφείς: Ακριώτης, Τριαντάφυλλος (dgs [Επιβλέπων καθηγητής])
Μορφή: Thesis Βιβλίο
Γλώσσα:Greek
Δημοσίευση: 2006.
Θέματα:
Διαθέσιμο Online:http://hdl.handle.net/11610/9973
Ετικέτες: Προσθήκη ετικέτας
Δεν υπάρχουν, Καταχωρήστε ετικέτα πρώτοι!

MARC

LEADER 00000cam a2200000 i 4500
001 1/60614
008 071029s2006 gre d
035 |l 10091869 
040 |a GR-MY-UA  |b gre  |e aacr 
041 0 |a gre 
082 0 |a 599.35 
100 1 |a Φούη, Ελένη. 
245 1 0 |a Διερεύνηση του διαιτολογίου του είδους Apodemus mystacinus (Βραχοποντικός) :   |b πτυχιακή εργασία /   |c Ελένη Φούη ; υπεύθυνος καθηγητής Τ. Ακριώτης.  
260 |c 2006.  
300 |a 65 σ. :   |b διαγρ., έγχρ. εικ. ;   |c 30 εκ.  
502 |a Πτυχιακή εργασία - Πανεπιστήμιο Αιγαίου, Λέσβος, 2006.  
504 |a Βιβλιογραφία: σ. 64-65.  
650 0 0 |a Rodents  |z Greece  |z Lesbos (Municipality) 
650 0 0 |a Rodents  |x Food. 
650 0 0 |a Mammal surveys. 
650 0 0 |a Dissertations, Academic  |z Greece. 
700 1 |a Ακριώτης, Τριαντάφυλλος,  |e dgs [Επιβλέπων καθηγητής] 
710 2 |a Πανεπιστήμιο Αιγαίου.   |b Σχολή Περιβάλλοντος.   |b Τμήμα Περιβάλλοντος. 
852 |a INST  |b LESVOS  |c DIATR  |e 20071029  |h 1085  |p 005100038927  |q 005100038927  |t DIE  |y 23 
852 |a INST  |b LESVOS  |c DIATR  |e 20071029  |h 1086  |p 005100038926  |q 005100038926  |t DIE  |y 23 
856 |u http://hdl.handle.net/11610/9973 
901 |a BIBL1-2007-3 
909 |a Λ  |b 132699 
909 |a Λ  |b 132700 
924 |a ΦΟΥΗ  |b ΕΛΕΝΗ  |y ΛΕΣΒΟΣ  |z 2007-10 
970 |a ΒΑΡΚΑ  |b ΕΛΕΥΘΕΡΙΑ  |z 2007/10/29